| 000 | 00602nam a22001937a 4500 | ||
|---|---|---|---|
| 003 | OSt | ||
| 005 | 20260508003613.0 | ||
| 008 | 260507b |||||||| |||| 00| 0 eng d | ||
| 020 | _a0-7835-2966-x | ||
| 040 |
_aDWCL-Main _cOC |
||
| 082 | _aGR. 503 I29 2005 | ||
| 110 |
_aEDUCATIIONAL TECHNOLOGIES LIMITED _eCorporate Author |
||
| 245 |
_aIllustrated encyclopedia of science and nature : _bseries index / |
||
| 260 |
_a[S. l.] : _b Educational Technologies Limited, _cc2004 |
||
| 300 |
_a143 p. ; _c30 cm. + _e1 CD ROM. |
||
| 650 | _aBibliography | ||
| 650 | _aIndexes | ||
| 942 |
_2ddc _cGR _mGR. _n0 |
||
| 999 |
_c10303 _d10303 |
||